• 首页
  • 本馆介绍
  • 公告通知
  • 最新文献
  • 馆藏检索
  • 电子资源
  • 读者导购
  • 参考咨询
  • 我的图书馆
  • 登录
  • 详细信息显示
  • 放入我的书架
  • 预约/预借图书
  • 作者相关作品
  • 分类相关作品
  • 丛书相关作品
  • 出版社相关作品

书目信息

  • 表格格式
  • 工作单格式
  • 卡片格式
题名:
高中文言文完全解读
    
 
作者: 牛胜玉 主编
分册:  
出版信息: 青岛   青岛出版社  2013.3
页数: 258页
开本: 26cm
丛书名:
单 册:
中图分类: G634.303
科图分类:
主题词: 文言文--高中--教学参考资料
电子资源:
ISBN: 978-7-5436-9191-9
000 01040nam0 2200229 45
001 012001003777
005 20131014115026.0
010    @a978-7-5436-9191-9@dCNY39.80
100    @a20181021d2013 em y0chiy0110 ea
101 0  @achi
102    @aCN@b370000
105    @ay z 000yy
106    @ar
200 1  @a高中文言文完全解读@Agao zhong wen yan wen wan quan jie du@f牛胜玉主编
210    @a青岛@c青岛出版社@d2013.3
215    @a258页@d26cm
330    @a本书收录高中阶段必修教材中的所有文言文篇目,介绍作者生平和文章背景,拓宽学生视野,积累文学常识;原文与译文上下对译,准确直观,讲解深入浅出;对重点字词进行解释,有助于学生理解原文;深入剖析文章主题和写作特色,让学生理清思路,把握精髓;在课文讲解的基础上,梳理文言基础知识,让学生能有效迁移、举一反三;提供教材习题答案,适当点拨,教给学生文言学习的方法;经典高考真题让学生直面高考,熟悉考点,提高能力。
606 0  @a文言文@x高中@j教学参考资料
690    @aG634.303@v5
701  0 @a牛胜玉@Aniu sheng yu@4主编
801    @b江苏凤凰@c20191020
905    @b1233897-901@dG634.303@e1544@f5
    
    高中文言文完全解读/牛胜玉主编.-青岛:青岛出版社,2013.3
    258页;26cm
    
    
    ISBN 978-7-5436-9191-9:CNY39.80
    本书收录高中阶段必修教材中的所有文言文篇目,介绍作者生平和文章背景,拓宽学生视野,积累文学常识;原文与译文上下对译,准确直观,讲解深入浅出;对重点字词进行解释,有助于学生理解原文;深入剖析文章主题和写作特色,让学生理清思路,把握精髓;在课文讲解的基础上,梳理文言基础知识,让学生能有效迁移、举一反三;提供教材习题答案,适当点拨,教给学生文言学习的方法;经典高考真题让学生直面高考,熟悉考点,提高能力。
●
相关链接 在E读中查询图书 在五车中查询图书 在当当中查询图书 在豆瓣中查询图书


正题名:高中文言文完全解读     索取号:G634.303/1544         预约/预借

序号 登录号 条形码 馆藏地/架位号 状态 备注
1 1233897   212338978   第一样本阅览室/ [索取号:G634.303/1544] 在馆    
2 1233898   212338987   第四借阅区/ [索取号:G634.303/1544] 在馆    
3 1233899   212338996   第四借阅区/ [索取号:G634.303/1544] 在馆    
4 1233900   212339003   教育系资料室/ [索取号:G634.303/1544] 在馆    
5 1233901   212339012   教育系资料室/ [索取号:G634.303/1544] 在馆    
唐山师范学院图书馆 欢迎您!
大连网信软件有限公司© 版权所有